ՀՀ Գիտությունների ազգային ակադեմիայի հիմնարար գիտական գրադարան  =   Fundamental Scientific Library of NAS RA

Дефекты и примеси в полупроводниковом кремнии / (Record no. 26560)

MARC details
000 -LEADER
fixed length control field 00884nam a2200229 a 4500
001 - CONTROL NUMBER
control field 000084930
003 - CONTROL NUMBER IDENTIFIER
control field AM-YEHGA
005 - DATE AND TIME OF LATEST TRANSACTION
control field 20250617121931.0
008 - FIXED-LENGTH DATA ELEMENTS--GENERAL INFORMATION
fixed length control field 030329s1984 ru || |||||||||||||rus|d
040 ## - CATALOGING SOURCE
Original cataloging agency AM-YeHGA
041 1# - LANGUAGE CODE
Language code of text/sound track or separate title rus
Language code of original eng
090 ## - LOCALLY ASSIGNED LC-TYPE CALL NUMBER (OCLC); LOCAL CALL NUMBER (RLIN)
-- 26890
100 1# - MAIN ENTRY--PERSONAL NAME
Personal name Рейви, К.
245 10 - TITLE STATEMENT
Title Дефекты и примеси в полупроводниковом кремнии /
Statement of responsibility, etc. К. Рейви; Пер. с англ. В.В. Высоцкой и др.; Под ред. С.Н. Горина.
260 ## - PUBLICATION, DISTRIBUTION, ETC.
Place of publication, distribution, etc. Москва :
Name of publisher, distributor, etc. Мир,
Date of publication, distribution, etc. 1984.
300 ## - PHYSICAL DESCRIPTION
Extent 475 с.
534 ## - ORIGINAL VERSION NOTE
Introductory phrase Оригинал на англ.:
Title statement of original Imperfections and impurities in semiconductor silicon
Main entry of original K.V. Ravi /
Publication, distribution, etc. of original New York, 1981
650 14 - SUBJECT ADDED ENTRY--TOPICAL TERM
Topical term or geographic name entry element Неорганическая химия
700 1# - ADDED ENTRY--PERSONAL NAME
Personal name Высоцкая, В.В.
Relator term пер.
Relationship trl
700 1# - ADDED ENTRY--PERSONAL NAME
Personal name Горин, С.Н.
Relator term ред.
Relationship edt
942 ## - ADDED ENTRY ELEMENTS (KOHA)
Source of classification or shelving scheme Universal Decimal Classification
Koha item type Գրքեր / Books
Holdings
Withdrawn status Lost status Source of classification or shelving scheme Damaged status Not for loan Collection Home library Current library Date acquired Total checkouts Full call number Barcode Date last seen Price effective from Koha item type Public note
    Universal Decimal Classification     General Fundamental Scientific Library Fundamental Scientific Library 21/12/2016   PII/528736 FL0174002 21/12/2016 21/12/2016 Գրքեր / Books 30 Days Loan


ՀՀ ԳԱԱ հիմնարար գիտական գրադարան
ՀՀ,Երևան 0019
Մարշալ Բաղրամյան 24/6
հեռախոս:(374-10) 52-47-50
Հետադարձ կապ

All site content, except where otherwise noted, is licensed under a
Creative Commons License